000 01069nac a22003377a 4500
001 BR0805226
003 BR-BrBNA
005 20240105123635.0
008 230509b bl.|||m| |||| 00| 0 por d
040 _aBR-BrBNA
_bpor
_cBiblioteca Nacional de Agricultura
072 _aF02
090 _a1000 BR0805226
100 1 _aSantos Filho, H.P.
100 1 _aPassos, O.S.
110 1 _aEMBRAPA Mandioca e Fruticultura, Cruz das Almas, BA (Brasil)
245 1 _aCertificação de mudas cítricas: uma proposta de programa
260 3 _aCruz das Almas, BA (Brasil):
_c1998.
300 _a16 p.
490 _aDocumentos - EMBRAPA Mandioca e Fruticultura (Brazil)
_vno. 76
_xISSN 0101-5175
500 _aSummaries (En, Pt); 19 ref.
650 _aFRUTA CÍTRICA
650 _aCERTIFICAÇÃO DE MUDA
650 _aVARIEDADE
650 _aSELEÇÃO GENÉTICA
650 _aPRAGA DE PLANTA
650 _aDOENÇA DE PLANTA
650 _aCLONE
650 _aPROPAGAÇÃO VEGETATIVA
909 _a202312
_bLúcia Elande
_c55
_dLúcia Elande
942 _2AGRIS
_n0
_cMS
999 _c296336
_d296336